Virtue and beauty : Leonardo's Ginevra de' Benci and Renaissance portraits of women

Αποθηκεύτηκε σε:
Λεπτομέρειες βιβλιογραφικής εγγραφής
Κύριος συγγραφέας: Brown, Danid Alan 1942-
Συγγραφή απο Οργανισμό/Αρχή: National Gallery of Art (U.S.)
Μορφή: Βιβλίο
Γλώσσα:English
Δημοσίευση: Washington; Princeton : National Gallery of Art; Princeton University Press, c2001
Θέματα:
Ετικέτες: Προσθήκη ετικέτας
Δεν υπάρχουν, Καταχωρήστε ετικέτα πρώτοι!

MARC

LEADER 00000nam a2200000 i 4500
001 1/78201
008 050608s2001 eng d
020 |a 0-691-11456-0 
035 |l 10078442 
040 |a GR-MY-UA  |b gre  |e aacr 
041 0 |a eng 
082 0 |a 757.4094551  |2 (22) 
100 1 |a Brown, Danid Alan  |d 1942- 
245 1 0 |a Virtue and beauty :  |b Leonardo's Ginevra de' Benci and Renaissance portraits of women /  |c David Alan Brown ...[et al.] 
260 |a Washington; Princeton :   |b National Gallery of Art; Princeton University Press,   |c c2001 
300 |a 236 σ.;  |b έγχρ. εικ.;  |c 33 εκ. 
500 |a Κατάλογος της έκθεσης πραγματοποιήθηκε τον Σεπτ. 30, 2001-Ιαν. 6, 2002 στο National Gallery of Art 
504 |a Περιέχει βιβλιογραφία και ευρετήριο 
600 0 0 |a Leonardo,   |c da Vinci,   |d 1452-1519  |x Exhibitions. 
650 0 0 |a Portraits, Italian  |z Italy  |z Florence  |x Exhibitions. 
650 0 0 |a Portraits, Renaissance  |z Italy  |z Florence  |x Exhibitions. 
650 0 0 |a Women  |x Portraits  |x Exhibitions. 
650 0 0 |a Women in art  |x Exhibitions. 
710 2 |a National Gallery of Art (U.S.) 
852 |a INST  |b LESVOS  |e 20050608  |h 757.4094551 BRO  |p 005100032152  |q 005100032152  |t BK  |y 0 
901 |a BIBL1-2005-2 
909 |a Λ  |b 113521 
920 |a ΔΙΕΥΡΥΝΣΗ  |b ΕΠΕΑΕΚ-ΠΤΕ  |y ΛΕΣΒΟΣ  |z 2004-09 
970 |a ΚΑΡΑ  |b ΓΙΑΣΕΜΗ  |z 2005/06/08